00649nam a22002057a 450000500170000001000130001702000100003003500130004003700160005304000120006908200130008110000160009424501060011026000440021627000490026030000210030950000500033065000320038065000310041220170124110215.0 aA-464071 c00.00 aA-464071 bCen Lib/Ret aDPLbEN a9202GIR aGirja Kumar aRanganathan, Dewey and C.V. Raman :cby Girja Kumarba study in the arrogance of intellectual power / aNew DelhibVikas Publishing Housec1991 a576 Masjid Road, JangpurabNew Delhie110014 a147p. c20cm(Hb) aIncludes bibliographical references and index aDewey, Melvil, -- 1851-1931 aRaman, C. V., -- 1888-1970